| Tag |
First Indicator |
Second Indicator |
Subfields |
| LEADER |
00000cam a22000008a 4500 |
| 001 |
in00002000345 |
| 005 |
20151031124802.0 |
| 008 |
040219s2003 enk 000 0 eng |
| 015 |
|
|
|a GBA4-Y7757
|
| 020 |
|
|
|a 086183366X (pbk.) :
|c £14.95
|
| 035 |
|
|
|a (OCoLC)ocm56460745
|
| 040 |
|
|
|a UKM
|c UKM
|d TXA
|d UtOrBLW
|
| 049 |
|
|
|a TXAM
|
| 082 |
0 |
4 |
|a 738.6094238
|2 22
|
| 090 |
|
|
|a NA3705
|b .L69 2003
|
| 100 |
1 |
|
|a Lowe, Barbara J.
|
| 245 |
1 |
0 |
|a Decorated medieval floor tiles of Somerset /
|c Barbara J. Lowe.
|
| 264 |
|
1 |
|a Taunton, Somerset :
|b Somerset Archaeological and Natural History Society,
|c 2003.
|
| 300 |
|
|
|a vi, 160 pages :
|b illustrations, map ;
|c 30 cm.
|
| 336 |
|
|
|a text
|b txt
|2 rdacontent
|
| 337 |
|
|
|a unmediated
|b n
|2 rdamedia
|
| 338 |
|
|
|a volume
|b nc
|2 rdacarrier
|
| 650 |
|
0 |
|a Pavements, Tile
|z England
|z Somerset.
|
| 650 |
|
0 |
|a Tiles, Medieval
|z England
|z Somerset.
|
| 650 |
|
0 |
|a Decoration and ornament, Medieval.
|
| 651 |
|
0 |
|a Somerset (England)
|x Antiquities.
|
| 710 |
2 |
|
|a Somerset Archaeological and Natural History Society.
|
| 948 |
|
|
|a cataloged
|b h
|c 2004/10/22
|d c
|e jgreene
|f 2:42:28 pm
|
| 994 |
|
|
|a E0
|b TXA
|
| 999 |
|
|
|a MARS
|
| 999 |
f |
f |
|s e5a26be1-297a-3946-b769-d2f3f42c8c66
|i e6e60526-ad11-32f1-9e4d-ff4e55c1ccf5
|t 0
|
| 952 |
f |
f |
|p ric
|a Texas A&M University
|b Rellis Campus
|c Joint Library Facility
|d Remote Storage
|t 0
|e NA3705 .L69 2003
|h Library of Congress classification
|i unmediated -- volume
|m A14832278034
|
| 998 |
f |
f |
|a NA3705 .L69 2003
|t 0
|l Remote Storage
|